| 000 | 00514nam a2200217 a 4500 | ||
|---|---|---|---|
| 999 |
_c5923 _d5923 |
||
| 001 | 5923 | ||
| 003 | BD-JhCC | ||
| 005 | 20171230185803.0 | ||
| 008 | 171230b1978 bg |||| ||a| 000 0 eng d | ||
| 035 | _a(BD-JhCC)5923 | ||
| 040 |
_aBD-JhCC _dBD-JhCC |
||
| 041 | _aeng | ||
| 082 |
_a722.33 _bWIL 1978 |
||
| 100 | _aWilde, Oscar | ||
| 245 |
_aComplete Plays / _cOscar Wilde |
||
| 260 |
_aLondon : _bRupa paperback, _c1978. |
||
| 300 |
_a446 p. : _c16 cm. |
||
| 650 | _aDrama | ||
| 942 |
_2ddc _cBK |
||